| 000 | 00851cam a2200253 i 4500 | ||
|---|---|---|---|
| 999 |
_c12832 _d12832 |
||
| 003 | OSt | ||
| 005 | 20240729132528.0 | ||
| 008 | 180604s2019 nyua 001 0beng | ||
| 020 | _a9781616897628 (hardcover : alk. paper) | ||
| 042 | _apcc | ||
| 043 | _an-us--- | ||
| 082 | 0 | 0 |
_a741.6092 _aB _223 |
| 100 | 1 |
_aSandhaus, Louise, _d1955- _eauthor. |
|
| 245 | 1 | 2 |
_aA colorful life : _bGere Kavanaugh, designer / _cLouise Sandhaus and Kat Catmur ; original photography by Jennifer Cheung. |
| 250 | _aFirst edition. | ||
| 300 |
_a217 pages : _bcolor illustrations ; _c26 cm |
||
| 500 | _aIncludes index. | ||
| 600 | 1 | 0 |
_aKavanaugh, Gere, _d1929- |
| 650 | 0 |
_aDesigners _zUnited States _vBiography. |
|
| 650 | 0 |
_aWomen designers _zUnited States _vBiography. |
|
| 700 | 1 |
_aCatmur, Kat, _eauthor. |
|
| 700 | 1 |
_aCheung, Jennifer, _ephotographer. |
|
| 942 | _2ddc | ||